[Event "16.Open Seefeld"]
[Site "Oesterreich / Seefeld"]
[Date "2005.09.24"]
[Round "8"]
[White "Urban, Rudolf"]
[Black "Hoffmann, Bernhard"]
[Result "0-1"]
[WhiteElo "2050"]
[BlackElo "1950"]
[PlyCount "66"]
[EventDate "2005.09.17"]

1. d4 Nf6 2. Nf3 c5 3. dxc5 e6 4. g3 Bxc5 5. Bg2 O-O 6. O-O d5 7. Nbd2 Nc6 8.
Nb3 Bd6 9. Bg5 h6 10. Be3 Qe7 11. c3 e5 12. Ne1 Be6 13. h3 Ne4 14. Nd2 f5 15.
Nxe4 dxe4 16. f4 exf3 17. exf3 f4 18. Bf2 Bc4 19. Nd3 fxg3 20. Bxg3 Rad8 21.
Nf2 Bc5 22. Qc2 Qg5 23. Kh2 Rd2 24. Qa4 Bxf1 25. Rxf1 Bxf2 26. Qb3+ Kh7 27.
Rxf2 Rxf2 28. Bxf2 Rf6 29. Qc2+ Rg6 30. Bg1 Ne7 31. Qf2 Nf5 32. f4 exf4 33. Be4
f3 0-1

[Event "16.Open Seefeld"]
[Site "Oesterreich / Seefeld"]
[Date "2005.09.24"]
[Round "8"]
[White "Matt, Stefan"]
[Black "Fischer, Gerd"]
[Result "1/2-1/2"]
[WhiteElo "1816"]
[BlackElo "2039"]
[PlyCount "42"]
[EventDate "2005.09.17"]

1. Nf3 e6 2. c4 f5 3. d4 Nf6 4. Nc3 Be7 5. Qc2 d5 6. e3 c6 7. Be2 O-O 8. Bd2
Qe8 9. O-O-O Ne4 10. Rdf1 Nd7 11. Ne5 Nxe5 12. dxe5 Nxd2 13. Qxd2 Bb4 14. f4
Bxc3 15. Qxc3 Qe7 16. g4 g6 17. h4 Bd7 18. h5 Be8 19. Rfg1 Kh8 20. gxf5 gxf5
21. Bd3 h6 1/2-1/2

[Event "16.Open Seefeld"]
[Site "Oesterreich / Seefeld"]
[Date "2005.09.24"]
[Round "8"]
[White "Kreusch, Frank"]
[Black "Wiesbeck, Florian"]
[Result "1/2-1/2"]
[WhiteElo "2037"]
[BlackElo "1964"]
[PlyCount "50"]
[EventDate "2005.09.17"]

1. d4 d5 2. Nf3 Nf6 3. g3 Bf5 4. Bg2 h6 5. O-O e6 6. c4 c6 7. cxd5 exd5 8. Qb3
Qc8 9. Nc3 Nbd7 10. Bf4 Be7 11. Rac1 a6 12. Ne5 O-O 13. Nxd5 Nxd5 14. Bxd5 Nxe5
15. Bxe5 Qd7 16. Bg2 Be6 17. Qc3 f6 18. Bf4 Rac8 19. Rfd1 Rfd8 20. b3 Ba3 21.
Rc2 Qe7 22. Qd3 Rd7 23. Bc1 Bb4 24. Bd2 Ba3 25. Bc1 Bb4 1/2-1/2

[Event "16.Open Seefeld"]
[Site "Oesterreich / Seefeld"]
[Date "2005.09.24"]
[Round "8"]
[White "Becker, Joerg"]
[Black "Born, Bernd-Ludger"]
[Result "0-1"]
[WhiteElo "1798"]
[BlackElo "2036"]
[PlyCount "64"]
[EventDate "2005.09.17"]

1. d4 f5 2. c4 Nf6 3. g3 g6 4. Bg2 Bg7 5. Nc3 O-O 6. Nf3 d6 7. O-O Nc6 8. d5
Ne5 9. Nd2 Rb8 10. Qc2 Re8 11. b3 Nf7 12. Bb2 e5 13. dxe6 Rxe6 14. e4 Re8 15.
Nd5 Ng5 16. Nxf6+ Bxf6 17. Bxf6 Qxf6 18. h4 Nf7 19. Bh3 f4 20. Bxc8 Rbxc8 21.
Nf3 Re7 22. Qd3 Qe6 23. Kg2 fxg3 24. fxg3 Qxe4 25. Qc3 Rce8 26. Kh3 Nh6 27. Rf2
Qg4+ 28. Kg2 Re3 29. Qd2 Nf5 30. Qd5+ Kg7 31. Ng5 Rxg3+ 32. Kh2 Qxh4+ 0-1

[Event "16.Open Seefeld"]
[Site "Oesterreich / Seefeld"]
[Date "2005.09.24"]
[Round "8"]
[White "Solaroli, Riccardo"]
[Black "Kozlov, Alexander"]
[Result "1/2-1/2"]
[WhiteElo "1975"]
[BlackElo "2135"]
[PlyCount "54"]
[EventDate "2005.09.17"]

1. e4 g6 2. d4 Bg7 3. Nf3 d6 4. c3 Nf6 5. Bd3 O-O 6. O-O c5 7. h3 cxd4 8. cxd4
Nc6 9. Nc3 a6 10. a3 b5 11. b4 Bb7 12. Be3 Rc8 13. Rc1 Nd7 14. Qd2 Re8 15. Ne2
Nb6 16. d5 Ne5 17. Nxe5 Bxe5 18. Bd4 Bxd4 19. Nxd4 e6 20. dxe6 fxe6 21. Qh6 Qf6
22. Nf3 Rxc1 23. Rxc1 Rc8 24. Rxc8+ Bxc8 25. Qc1 Qd8 26. Qc6 e5 27. Nd2 Bd7
1/2-1/2

[Event "16.Open Seefeld"]
[Site "Oesterreich / Seefeld"]
[Date "2005.09.24"]
[Round "8"]
[White "Becking, Franz-Josef"]
[Black "Kreie, Guenter"]
[Result "1-0"]
[WhiteElo "2076"]
[BlackElo "1968"]
[PlyCount "35"]
[EventDate "2005.09.17"]

1. d4 Nf6 2. Nf3 d5 3. Bf4 c5 4. e3 Nc6 5. c3 Bg4 6. Nbd2 e5 7. dxe5 Nd7 8. h3
Bf5 9. Qb3 Nb6 10. a4 a5 11. Rd1 Be7 12. e4 Be6 13. Qc2 d4 14. Bb5 Rc8 15. O-O
O-O 16. Nb3 Na7 17. Be2 c4 18. Nbxd4 1-0

[Event "16.Open Seefeld"]
[Site "Oesterreich / Seefeld"]
[Date "2005.09.24"]
[Round "8"]
[White "Bungter, Hans"]
[Black "Flueckiger, Juergen"]
[Result "0-1"]
[WhiteElo "1628"]
[BlackElo "2034"]
[PlyCount "72"]
[EventDate "2005.09.17"]

1. e4 d6 2. d4 Nf6 3. Nc3 g6 4. Be2 Bg7 5. Be3 c6 6. Qd2 b5 7. Bf3 Ng4 8. Bf4
e5 9. dxe5 dxe5 10. Qxd8+ Kxd8 11. Bd2 Nf6 12. Nge2 Be6 13. Nc1 Na6 14. a3 Ke7
15. Nd3 Nd7 16. Be3 Rhc8 17. O-O f6 18. Be2 Kf7 19. Rad1 Bf8 20. f3 Nac5 21.
Nxc5 Nxc5 22. f4 Kg7 23. f5 Bf7 24. b4 Na6 25. Rd7 Rc7 26. Rxc7 Nxc7 27. g4 a5
28. bxa5 Rxa5 29. Bb6 Rxa3 30. Nb1 Ra2 31. Bxc7 Bc5+ 32. Kh1 Rxc2 33. Bd3 Rb2
34. Rc1 Bd4 35. Rxc6 gxf5 36. gxf5 Bh5 0-1

[Event "16.Open Seefeld"]
[Site "Oesterreich / Seefeld"]
[Date "2005.09.24"]
[Round "8"]
[White "Aigner, Georg"]
[Black "Perkmann, Gottfried"]
[Result "0-1"]
[WhiteElo "2033"]
[BlackElo "1690"]
[PlyCount "64"]
[EventDate "2005.09.17"]

1. e4 c6 2. d4 d5 3. e5 e6 4. Nf3 Bb4+ 5. c3 Ba5 6. Bd3 Ne7 7. Ng5 Nf5 8. g4
Nh4 9. Nxh7 Ng6 10. Ng5 Nf8 11. Qf3 Qe7 12. Nh3 Nbd7 13. Nf4 g6 14. Nh3 c5 15.
Bg5 Rxh3 16. Qf4 Rf3 17. Qc1 f6 18. exf6 Nxf6 19. Ke2 Rh3 20. Qf4 Kf7 21. Bh6
Bc7 22. Qg5 Ne4 23. Qxe7+ Kxe7 24. g5 Rxd3 25. f3 cxd4 26. fxe4 Re3+ 27. Kd2
Bf4 28. exd5 exd5 29. cxd4 Bf5 30. Nc3 Ke6 31. Rae1 Re4+ 32. Kd1 Rxe1+ 0-1

[Event "16.Open Seefeld"]
[Site "Oesterreich / Seefeld"]
[Date "2005.09.24"]
[Round "8"]
[White "Wawrinsky, Ludwig"]
[Black "Di Lazzaro, Gabriele"]
[Result "0-1"]
[WhiteElo "1916"]
[BlackElo "2025"]
[PlyCount "100"]
[EventDate "2005.09.17"]

1. e4 c5 2. Nc3 Nc6 3. f4 g6 4. Nf3 Bg7 5. Bc4 e6 6. d3 Nge7 7. Bb3 O-O 8. a3
d5 9. e5 b6 10. O-O Ba6 11. Ba2 Qc7 12. Qe1 Nf5 13. Ne2 h5 14. h3 b5 15. Bd2
Qb6 16. Kh2 c4 17. dxc4 bxc4 18. g4 hxg4 19. hxg4 Ne3 20. Bxe3 Qxe3 21. c3 Rab8
22. Rb1 Rb6 23. Nfd4 Nxd4 24. Nxd4 Qxe1 25. Rfxe1 Rfb8 26. b4 cxb3 27. Rxb3
Rxb3 28. Bxb3 Bd3 29. Rd1 Be4 30. Kg3 Rc8 31. Ne2 Bf8 32. a4 Rb8 33. Nd4 Rc8
34. Ne2 Ba3 35. Rd2 Kg7 36. g5 Bc1 37. Ra2 Be3 38. Bc2 Bxc2 39. Rxc2 d4 40. Kf3
d3 41. Kxe3 dxc2 42. Kd2 Rc4 43. Kxc2 Rxa4 44. Kb3 Re4 45. Nc1 Rxf4 46. c4 Kf8
47. c5 Ke7 48. c6 Kd8 49. Nd3 Rf3 50. Kc4 Rxd3 0-1

[Event "16.Open Seefeld"]
[Site "Oesterreich / Seefeld"]
[Date "2005.09.24"]
[Round "8"]
[White "Favre, Bruno"]
[Black "Kesik, Marco"]
[Result "1-0"]
[WhiteElo "2019"]
[BlackElo "1609"]
[PlyCount "113"]
[EventDate "2005.09.17"]

1. d4 Nf6 2. Nf3 g6 3. c4 Bg7 4. Nc3 O-O 5. e4 d6 6. Be2 Nbd7 7. O-O e5 8. d5
Nc5 9. Qc2 a5 10. b3 Ne8 11. a3 h6 12. Bb2 f5 13. Nd2 f4 14. b4 axb4 15. axb4
Rxa1 16. Rxa1 Na6 17. Ba3 b6 18. c5 g5 19. f3 h5 20. Qd1 Rf7 21. Qf1 Nb8 22. c6
g4 23. Bc1 gxf3 24. Bxf3 Bg4 25. Ra8 Rf8 26. h3 Bxf3 27. Nxf3 Bh6 28. b5 Kh8
29. Bd2 Rg8 30. Be1 Qc8 31. Kh1 Nf6 32. Nh4 Bg5 33. Qf3 Qd8 34. Nf5 Kh7 35. Ra2
Kg6 36. g4 hxg4 37. hxg4 Rh8+ 38. Rh2 Rxh2+ 39. Kxh2 Qh8+ 40. Kg2 Kf7 41. Qh3
Qg8 42. Kf3 Ne8 43. Qh5+ Kf6 44. Bh4 Bxh4 45. Qxh4+ Qg5 46. Qh8+ Kf7 47. Qh7+
Kf8 48. Qh6+ Qxh6 49. Nxh6 Ke7 50. g5 Kf8 51. Kg4 Kg7 52. Nd1 Nxc6 53. Nf5+ Kg6
54. bxc6 Ng7 55. Nxg7 Kxg7 56. Nc3 Kf7 57. Nb5 1-0

[Event "16.Open Seefeld"]
[Site "Oesterreich / Seefeld"]
[Date "2005.09.24"]
[Round "8"]
[White "Scholz, Herbert"]
[Black "Plock, Christian"]
[Result "1/2-1/2"]
[WhiteElo "1994"]
[BlackElo "1650"]
[PlyCount "112"]
[EventDate "2005.09.17"]

1. d4 d5 2. c4 e6 3. Nc3 Nf6 4. cxd5 exd5 5. Bg5 c6 6. Qc2 h6 7. Bh4 Be7 8. e3
Nbd7 9. Bd3 O-O 10. Nge2 Re8 11. O-O Nf8 12. f3 Be6 13. Rad1 Rc8 14. Kh1 Qc7
15. Bf2 a6 16. Bg1 c5 17. Nf4 cxd4 18. Nxe6 Nxe6 19. exd4 Bb4 20. Rc1 Qd6 21.
Bf5 Rc6 22. Qb3 Rec8 23. Ne2 Rxc1 24. Rxc1 Rxc1 25. Nxc1 b5 26. Nd3 Bd2 27. Qc2
Ba5 28. Qc8+ Nd8 29. Ne5 g6 30. Bd3 Kg7 31. h3 Ne6 32. Qh8+ Kxh8 33. Nxf7+ Kg7
34. Nxd6 Bb6 35. a4 bxa4 36. Bxa6 Bxd4 37. Bxd4 Nxd4 38. Nb5 Nb3 39. Nc3 Nc5
40. Bb5 d4 41. Nxa4 Nxa4 42. Bxa4 Nd5 43. Kg1 Kf6 44. g3 Ke5 45. Bc2 g5 46. Ba4
Nb4 47. Kf1 h5 48. Ke2 h4 49. f4+ gxf4 50. gxh4 d3+ 51. Kf3 Nc2 52. h5 Nd4+ 53.
Kf2 d2 54. b4 Kf6 55. Bd1 Kg5 56. h4+ Kh6 1/2-1/2

[Event "16.Open Seefeld"]
[Site "Oesterreich / Seefeld"]
[Date "2005.09.24"]
[Round "8"]
[White "Klein, Reinhard"]
[Black "Kircher, Werner"]
[Result "1/2-1/2"]
[WhiteElo "1911"]
[BlackElo "2092"]
[PlyCount "46"]
[EventDate "2005.09.17"]

1. d4 Nf6 2. Nf3 c5 3. d5 e6 4. c4 exd5 5. cxd5 d6 6. Nc3 g6 7. e4 Bg7 8. Be2
O-O 9. O-O Na6 10. Bf4 Nc7 11. Nd2 Nfe8 12. a4 a6 13. Nc4 Rb8 14. a5 f5 15. e5
dxe5 16. Bxe5 Bxe5 17. Nxe5 Nd6 18. Qb3 Bd7 19. Qb6 Ncb5 20. Nxb5 Bxb5 21. Qxd8
Rfxd8 22. Bxb5 Nxb5 23. Rfd1 Nd4 1/2-1/2

[Event "16.Open Seefeld"]
[Site "Oesterreich / Seefeld"]
[Date "2005.09.24"]
[Round "8"]
[White "Platzgummer, Peter"]
[Black "Stock, Juergen"]
[Result "1-0"]
[WhiteElo "1911"]
[BlackElo "2031"]
[PlyCount "55"]
[EventDate "2005.09.17"]

1. e4 e6 2. d4 d5 3. e5 c5 4. c3 Nc6 5. Nf3 cxd4 6. cxd4 f6 7. Nc3 fxe5 8. Nxe5
Nf6 9. Bg5 g6 10. Bb5 Bd7 11. Nxd7 Kxd7 12. O-O Bg7 13. Rc1 Qb6 14. Re1 Rhe8
15. Qd3 a6 16. Bxc6+ bxc6 17. Na4 Qa5 18. Nc5+ Ke7 19. Qh3 Kf7 20. Rxe6 Ne4 21.
Qxh7 Rxe6 22. Bh6 Rg8 23. Nxe6 Nf6 24. Ng5+ Ke7 25. Qxg6 Bxh6 26. Qf7+ Kd8 27.
Qxf6+ Kc7 28. Qf7+ 1-0

[Event "16.Open Seefeld"]
[Site "Oesterreich / Seefeld"]
[Date "2005.09.24"]
[Round "8"]
[White "Osswald, Michael"]
[Black "Titz, Waldemar"]
[Result "0-1"]
[WhiteElo "2004"]
[BlackElo "1541"]
[PlyCount "131"]
[EventDate "2005.09.17"]

1. e4 d6 2. d4 Nf6 3. Nc3 g6 4. f4 c6 5. Nf3 Bg7 6. Be3 Qa5 7. Qd2 O-O 8. h3
Rd8 9. Bd3 a6 10. Qf2 Nbd7 11. O-O Rf8 12. Qd2 Rd8 13. Ng5 c5 14. d5 b5 15. e5
dxe5 16. fxe5 Nxe5 17. Bxc5 Rxd5 18. Bxe7 Bf5 19. b4 Qb6+ 20. Bc5 Rxc5 21. bxc5
Qxc5+ 22. Kh1 Rd8 23. Rac1 Bxd3 24. cxd3 Rxd3 25. Nge4 Qd4 26. Nxf6+ Bxf6 27.
Qf2 Qxf2 28. Rxf2 Bg5 29. Rcc2 Nc4 30. Ne4 Be7 31. a4 f5 32. axb5 Rd1+ 33. Kh2
axb5 34. Nc3 Bd6+ 35. g3 Rd3 36. Rg2 Ne3 37. Rgd2 Nf1+ 38. Kg2 Nxd2 39. Nxb5
Rd5 40. g4 fxg4 41. hxg4 Rxb5 42. Rxd2 Be7 43. Kf3 Kf7 44. Kf4 g5+ 45. Kg3 Rb3+
46. Kg2 Bf6 47. Rd7+ Kg6 48. Rd6 Rb4 49. Kh3 Rd4 50. Ra6 Rf4 51. Ra5 h5 52.
gxh5+ Kxh5 53. Rb5 Kg6 54. Kg3 Rh4 55. Ra5 Re4 56. Ra8 Kf5 57. Ra5+ Be5+ 58.
Kg2 g4 59. Ra8 Re2+ 60. Kf1 Rb2 61. Ra4 g3 62. Rh4 Bf4 63. Rh8 Kg4 64. Re8 Kf3
65. Re1 g2+ 66. Kg1 0-1

[Event "16.Open Seefeld"]
[Site "Oesterreich / Seefeld"]
[Date "2005.09.24"]
[Round "8"]
[White "Brett, Digby"]
[Black "Borries, Barbara"]
[Result "0-1"]
[WhiteElo "1869"]
[BlackElo "1975"]
[PlyCount "84"]
[EventDate "2005.09.17"]

1. e4 e6 2. d4 d5 3. Nc3 dxe4 4. Nxe4 Nd7 5. Nf3 Ngf6 6. Bg5 Be7 7. Nxf6+ Nxf6
8. Bd3 O-O 9. Qe2 c5 10. dxc5 Qa5+ 11. Bd2 Qxc5 12. a3 Qc7 13. O-O b6 14. Rac1
Bb7 15. c4 Rad8 16. c5 bxc5 17. b4 Bxf3 18. Qxf3 Qd7 19. Bxh7+ Nxh7 20. Rfd1
Qd5 21. Qe2 cxb4 22. axb4 Qb7 23. Qg4 Bf6 24. h4 Rd4 25. Bf4 Rxd1+ 26. Rxd1
Qxb4 27. Qg3 Rd8 28. Rc1 Qb5 29. Be3 Qh5 30. Rc4 Rd1+ 31. Kh2 Qe5 32. Bf4 Qe1
33. Kh3 e5 34. Be3 Qe2 35. Rc8+ Nf8 36. Kh2 Qh5 37. Rc4 Ne6 38. Rg4 Nd4 39. Bg5
Bxg5 40. Rxg5 Qh6 41. Qg4 Ne6 42. Rf5 Rd4 0-1

[Event "16.Open Seefeld"]
[Site "Oesterreich / Seefeld"]
[Date "2005.09.24"]
[Round "8"]
[White "Duric, Rajko"]
[Black "Russ, Colin"]
[Result "0-1"]
[WhiteElo "1867"]
[BlackElo "1964"]
[PlyCount "156"]
[EventDate "2005.09.17"]

1. e4 c6 2. d4 d5 3. e5 Bf5 4. Bd3 Bxd3 5. Qxd3 e6 6. Nf3 Nd7 7. O-O Qc7 8. Be3
c5 9. c3 Ne7 10. Na3 a6 11. Nc2 Nf5 12. Bf4 Be7 13. Ne3 Nh4 14. Nxh4 Bxh4 15.
Nc2 c4 16. Qh3 Be7 17. Qg4 g6 18. Bg5 Bxg5 19. Qxg5 h6 20. Qf4 f5 21. Qd2 O-O-O
22. b3 Nb6 23. f4 Rd7 24. Ne3 Qd8 25. bxc4 Nxc4 26. Nxc4 dxc4 27. Qe2 Rc7 28.
Rab1 g5 29. Rb6 Qd7 30. Qh5 gxf4 31. Rxf4 Rc6 32. Rxc6+ Qxc6 33. Qg6 Qe8 34.
Qxe8+ Rxe8 35. Kf2 Rd8 36. g4 fxg4 37. Rxg4 Rf8+ 38. Ke2 Rf7 39. Rg6 Kd7 40.
Rxh6 Rg7 41. Rf6 Rh7 42. Rf2 Rh3 43. Kd2 Kc6 44. a4 b5 45. axb5+ axb5 46. Kc2
Kd5 47. Rd2 Kc6 48. Kb2 b4 49. Rc2 bxc3+ 50. Rxc3 Rxh2+ 51. Rc2 Rh4 52. Rxc4+
Kd5 53. Kc3 Rh3+ 54. Kb4 Rd3 55. Rc8 Rxd4+ 56. Kb3 Kxe5 57. Kc3 Ke4 58. Rf8
Rd3+ 59. Kc2 e5 60. Re8 Rd5 61. Rf8 Ke3 62. Rf5 Rd2+ 63. Kc3 e4 64. Rf1 Ke2 65.
Rf4 e3 66. Rf8 Ke1 67. Rh8 Rf2 68. Kd3 e2 69. Rh1+ Rf1 70. Rh2 Rf3+ 71. Kc2 Rg3
72. Rh1+ Kf2 73. Kd2 Rg2 74. Re1 Kf3 75. Kd3 Rg8 76. Rh1 Rd8+ 77. Kc2 Kg2 78.
Re1 Kf2 0-1

[Event "16.Open Seefeld"]
[Site "Oesterreich / Seefeld"]
[Date "2005.09.24"]
[Round "8"]
[White "Creutzburg, Frank"]
[Black "Auschkalnis, Reinhard"]
[Result "0-1"]
[WhiteElo "1574"]
[BlackElo "1924"]
[PlyCount "86"]
[EventDate "2005.09.17"]

1. c4 c5 2. Nc3 Nc6 3. g3 g6 4. Bg2 Bg7 5. e4 Nf6 6. Nge2 e5 7. O-O O-O 8. d3
d6 9. h3 Rb8 10. Bg5 h6 11. Bxf6 Bxf6 12. Nd5 Bg7 13. Rb1 Be6 14. Nec3 Qd7 15.
Kh2 Nd4 16. Ne2 Nxe2 17. Qxe2 h5 18. f4 Bxd5 19. cxd5 exf4 20. Rxf4 Be5 21.
Rff1 h4 22. Kh1 Bxg3 23. Qd2 Kg7 24. Rf3 Qe7 25. Rbf1 Be5 26. b3 b5 27. R3f2 b4
28. Bf3 Bg3 29. Re2 Qe5 30. Bg4 a5 31. Bf5 Qe7 32. Bg4 f6 33. Be6 Ra8 34. Qd1
a4 35. bxa4 Qe8 36. Rg2 Rxa4 37. Qg4 Ra7 38. Rf5 b3 39. axb3 Ra1+ 40. Rg1 Rxg1+
41. Kxg1 Qa8 42. Kf1 Qa1+ 43. Ke2 Qe1+ 0-1

[Event "16.Open Seefeld"]
[Site "Oesterreich / Seefeld"]
[Date "2005.09.24"]
[Round "8"]
[White "Gestrich, Wolfgang"]
[Black "Michel, Jan"]
[Result "1-0"]
[WhiteElo "1767"]
[BlackElo "1454"]
[PlyCount "73"]
[EventDate "2005.09.17"]

1. c4 c5 2. Nc3 Nf6 3. g3 e5 4. e4 d6 5. Bg2 Be7 6. Nge2 O-O 7. O-O Nc6 8. d3
Bd7 9. h3 h6 10. Kh2 a6 11. a3 Rb8 12. Rb1 Re8 13. b4 cxb4 14. axb4 Na7 15. Be3
Nc8 16. Ra1 Rf8 17. Qb3 Nh7 18. f4 exf4 19. Nxf4 Bg5 20. h4 Bxf4 21. Rxf4 g5
22. hxg5 hxg5 23. Rf2 Nf6 24. Kg1 Ng4 25. Re2 Qf6 26. Rf1 Qh6 27. Bh1 Kg7 28.
Bd4+ f6 29. Nd5 Rh8 30. Bxf6+ Nxf6 31. Qb2 Qxh1+ 32. Kf2 Rh2+ 33. Ke1 Rxe2+ 34.
Kxe2 Bg4+ 35. Ke1 Qh6 36. Nxf6 Be6 37. Ng4+ 1-0

[Event "16.Open Seefeld"]
[Site "Oesterreich / Seefeld"]
[Date "2005.09.24"]
[Round "8"]
[White "Schuetz, Robert"]
[Black "Pitts, Eamonn"]
[Result "1/2-1/2"]
[WhiteElo "1640"]
[BlackElo "1355"]
[PlyCount "62"]
[EventDate "2005.09.17"]

1. e4 c5 2. Nf3 Nc6 3. d4 cxd4 4. Nxd4 Nf6 5. Nc3 d6 6. Bc4 e6 7. Be3 a6 8. O-O
Be7 9. f4 Nxd4 10. Bxd4 b5 11. Bd3 O-O 12. Qe1 Nd7 13. Qg3 e5 14. Be3 Bh4 15.
Qf3 Nf6 16. f5 Nd7 17. Qg4 Bf6 18. Nd5 Rb8 19. Rf3 Bb7 20. Rh3 g6 21. fxg6 fxg6
22. Qe6+ Kh8 23. Rf1 Nc5 24. Qg4 Bc8 25. Qxg6 Bxh3 26. Qh6 Rg8 27. Qxh3 Bg5 28.
Bxg5 Qxg5 29. Nf6 Rg7 30. Nh5 Rg6 31. Rf5 Qe7 1/2-1/2

[Event "16.Open Seefeld"]
[Site "Oesterreich / Seefeld"]
[Date "2005.09.24"]
[Round "8"]
[White "Loew, Bernd"]
[Black "Thonig, Manfred"]
[Result "1-0"]
[WhiteElo "1548"]
[BlackElo "1913"]
[PlyCount "77"]
[EventDate "2005.09.17"]

1. e4 g6 2. d4 Bg7 3. Nf3 d6 4. c3 Nf6 5. Bd3 Bg4 6. h3 Bxf3 7. Qxf3 e5 8. Be3
Nbd7 9. Nd2 a6 10. O-O O-O 11. Rac1 c6 12. Qd1 Kh8 13. f4 exf4 14. Bxf4 Ne8 15.
Nf3 Qb6 16. Qd2 Ne5 17. Be2 Nf6 18. Qc2 Rae8 19. Kh1 Nxf3 20. Bxf3 Qc7 21. Rfe1
Ng8 22. Re2 h6 23. Rce1 g5 24. Bh2 f6 25. Bh5 Re7 26. Re3 c5 27. Qe2 cxd4 28.
cxd4 Qd8 29. Qd3 b5 30. Qa3 f5 31. Bxd6 Rxe4 32. Rxe4 fxe4 33. Bxf8 Bxf8 34.
Qe3 Nf6 35. Bg6 Bd6 36. Qb3 Qc7 37. Qf7 Be7 38. Rf1 Qd6 39. Rxf6 1-0

[Event "16.Open Seefeld"]
[Site "Oesterreich / Seefeld"]
[Date "2005.09.24"]
[Round "8"]
[White "Andreini, Gigliola"]
[Black "Disselberger, Alfons"]
[Result "1-0"]
[WhiteElo "1600"]
[BlackElo "1290"]
[PlyCount "99"]
[EventDate "2005.09.17"]

1. c4 c5 2. Nc3 g6 3. e4 e6 4. g3 Bg7 5. Nge2 Ne7 6. Bg2 O-O 7. O-O Nbc6 8. Rb1
a6 9. a3 Rb8 10. d3 Nd4 11. Nxd4 cxd4 12. Ne2 Nc6 13. b4 e5 14. a4 d6 15. b5
Ne7 16. bxa6 b6 17. a5 Bxa6 18. axb6 Rxb6 19. Rxb6 Qxb6 20. Qa4 Rb8 21. Ba3 Nc8
22. Rc1 Bf8 23. Qc2 Qb3 24. Qxb3 Rxb3 25. Ra1 Bb7 26. Nc1 Rb6 27. Bh3 Kg7 28.
Bd7 Bc6 29. Bxc8 Rb8 30. Bg4 Ra8 31. Bb2 Rb8 32. Ra2 h5 33. Bd1 Kh7 34. h3 Bh6
35. Ne2 g5 36. Kf1 Bd7 37. h4 gxh4 38. gxh4 Bh3+ 39. Ke1 Rg8 40. Bc1 Rg2 41.
Bxh6 Kxh6 42. Ra6 Rh2 43. Rxd6+ Kg7 44. Ng3 Bg4 45. Bxg4 hxg4 46. Nf5+ Kh7 47.
Rh6+ Kg8 48. Rh5 Rh1+ 49. Ke2 Ra1 50. Rg5+ 1-0

[Event "16.Open Seefeld"]
[Site "Oesterreich / Seefeld"]
[Date "2005.09.24"]
[Round "8"]
[White "Tessmer, Hans-Peter"]
[Black "Egger, Herbert"]
[Result "1/2-1/2"]
[WhiteElo "1304"]
[BlackElo "1584"]
[PlyCount "53"]
[EventDate "2005.09.17"]

1. d4 d5 2. c4 c6 3. cxd5 cxd5 4. Nf3 Nf6 5. Bg5 e6 6. e3 Be7 7. Bd3 h6 8. Bh4
O-O 9. O-O Ne8 10. Bxe7 Qxe7 11. Nc3 Nc6 12. Rc1 Bd7 13. a3 Rc8 14. Re1 f5 15.
Qd2 Nf6 16. Qc2 Be8 17. h3 Bh5 18. Be2 Qf7 19. Nh4 Bxe2 20. Qxe2 Ne4 21. Nf3
Qf6 22. Nd2 Ne7 23. Ndxe4 fxe4 24. Rc2 Qg6 25. Rec1 Qf5 26. Nb5 Rxc2 27. Rxc2
1/2-1/2

[Event "16.Open Seefeld"]
[Site "Oesterreich / Seefeld"]
[Date "2005.09.25"]
[Round "9"]
[White "Levin, Felix"]
[Black "van der Weide, Karel"]
[Result "0-1"]
[WhiteElo "2498"]
[BlackElo "2482"]
[PlyCount "60"]
[EventDate "2005.09.17"]

1. c4 e5 2. g3 d6 3. Bg2 g6 4. d4 Nd7 5. e3 Bg7 6. Ne2 Ngf6 7. Nbc3 O-O 8. b3
Re8 9. h3 c6 10. Bb2 h5 11. Qc2 Qe7 12. Ba3 exd4 13. Nxd4 Nc5 14. Rd1 a5 15.
O-O a4 16. b4 Nce4 17. Nxe4 Nxe4 18. Bb2 a3 19. Ba1 Bd7 20. Ne2 Bf5 21. Qc1
Bxa1 22. Qxa1 Ra4 23. g4 hxg4 24. hxg4 Bxg4 25. f3 Nf6 26. e4 Bh5 27. Rd2 Rxb4
28. Qc3 c5 29. Rc1 Nd7 30. Nf4 Qg5 {Rest der Notationen unbrauchbar !} 0-1

[Event "16.Open Seefeld"]
[Site "Oesterreich / Seefeld"]
[Date "2005.09.25"]
[Round "9"]
[White "Ivanov, Michail"]
[Black "Dittmar, Peter"]
[Result "1-0"]
[WhiteElo "2426"]
[BlackElo "2326"]
[PlyCount "125"]
[EventDate "2005.09.17"]

1. Nf3 d5 2. b3 c6 3. Bb2 Bg4 4. e3 e6 5. Be2 Nf6 6. h3 Bh5 7. d3 Nbd7 8. Nbd2
h6 9. O-O Be7 10. e4 O-O 11. Re1 a5 12. a3 Bg6 13. e5 Ne8 14. d4 Nc7 15. Nf1 b5
16. Bd3 c5 17. Ng3 c4 18. Bxg6 fxg6 19. Bc1 Nb6 20. Ne2 g5 21. Nh2 Qe8 22. f4
gxf4 23. Nxf4 Bg5 24. Qg4 Bxf4 25. Bxf4 Kh7 26. Bd2 Qg6 27. Qxg6+ Kxg6 28. Rf1
Rxf1+ 29. Rxf1 cxb3 30. cxb3 a4 31. b4 Nc4 32. Bc1 Na6 33. Nf3 Rc8 34. g4 Nb8
35. h4 h5 36. Ng5 Re8 37. Kg2 Nc6 38. Rf4 Nd8 39. Kg3 Rh8 40. gxh5+ Rxh5 41.
Rf8 Rxg5+ 42. hxg5 Nc6 43. Rf4 Kxg5 44. Rg4+ Kf5 45. Kh4 Nxd4 46. Rxd4 Kxe5 47.
Rg4 d4 48. Rxg7 Ke4 49. Rb7 d3 50. Rxb5 Nxa3 51. Rc5 Nb1 52. b5 a3 53. b6 d2
54. Bxd2 Nxd2 55. b7 Nb3 56. Rc4+ Kd5 57. Ra4 Nc5 58. b8=Q e5 59. Rxa3 e4 60.
Ra5 e3 61. Qb5 Ke4 62. Qxc5 e2 63. Qc4+ 1-0

[Event "16.Open Seefeld"]
[Site "Oesterreich / Seefeld"]
[Date "2005.09.25"]
[Round "9"]
[White "Bronznik, Valeri"]
[Black "Heinig, Wolfram"]
[Result "1/2-1/2"]
[WhiteElo "2390"]
[BlackElo "2319"]
[PlyCount "86"]
[EventDate "2005.09.17"]

1. d4 Nf6 2. c4 d6 3. Nf3 g6 4. Nc3 Nbd7 5. e4 e5 6. d5 Nc5 7. Qc2 a5 8. Be3
Bg7 9. Bxc5 dxc5 10. Nxe5 Nxd5 11. cxd5 Bxe5 12. Bb5+ Bd7 13. Bxd7+ Qxd7 14.
O-O O-O 15. Rad1 a4 16. f4 Bd4+ 17. Kh1 a3 18. b3 c6 19. dxc6 Qxc6 20. Nd5 Rfe8
21. f5 Rad8 22. f6 Rxd5 23. exd5 Qxd5 24. Qd2 Qc6 25. Rf3 Re6 26. Qa5 Rxf6 27.
Rxf6 Qxf6 28. Qxa3 Kg7 29. Qa8 Qe7 30. Qa5 Qh4 31. Qe1 Qh5 32. Rd3 Qd5 33. Qd1
h5 34. Qf3 Qe5 35. Rd1 b6 36. Rf1 Qe6 37. Qd3 h4 38. Qc4 Qd7 39. Qd3 b5 40. Rf3
b4 41. Qe4 Qa7 42. Qe2 Qd7 43. Qe4 Qa7 1/2-1/2

[Event "16.Open Seefeld"]
[Site "Oesterreich / Seefeld"]
[Date "2005.09.25"]
[Round "9"]
[White "Feige, Manuel"]
[Black "Pilz, Dieter"]
[Result "1-0"]
[WhiteElo "2387"]
[BlackElo "2303"]
[PlyCount "103"]
[EventDate "2005.09.17"]

1. d4 Nf6 2. c4 c5 3. d5 g6 4. Nc3 d6 5. e4 Bg7 6. h3 O-O 7. Bd3 a6 8. a4 e6 9.
Nf3 exd5 10. exd5 Re8+ 11. Be3 Nbd7 12. O-O Rxe3 13. fxe3 Qe7 14. Qd2 Ne5 15.
Nxe5 Qxe5 16. Qf2 Qe7 17. Rad1 Nd7 18. Ne4 f5 19. Ng3 Be5 20. Ne2 Nf6 21. Nf4
Bd7 22. Qc2 Re8 23. a5 Bc8 24. Rb1 Nd7 25. Kh1 Bf6 26. Ne6 Ne5 27. e4 Bxe6 28.
dxe6 f4 29. Rxf4 Bg5 30. Rff1 Be3 31. b4 cxb4 32. Rxb4 Bc5 33. Rb3 Qxe6 34.
Rxb7 Qc8 35. Rb3 Qd8 36. Be2 Qh4 37. Qd1 Re7 38. Qd5+ Kg7 39. Rb7 h5 40. Rxe7+
Qxe7 41. Qa8 Ng4 42. Bxg4 hxg4 43. Rb1 Qf6 44. Qc8 gxh3 45. Qd7+ Kh6 46. Qxh3+
Kg5 47. Qg3+ Kh6 48. Qf3 Qd4 49. Rd1 Qxc4 50. Qf8+ Kg5 51. Rd5+ Kh4 52. Qf4#
1-0

[Event "16.Open Seefeld"]
[Site "Oesterreich / Seefeld"]
[Date "2005.09.25"]
[Round "9"]
[White "Tscharotschkin, Michael"]
[Black "Weinzettl, Ernst"]
[Result "1/2-1/2"]
[WhiteElo "2243"]
[BlackElo "2347"]
[PlyCount "43"]
[EventDate "2005.09.17"]

1. e4 e6 2. d4 d5 3. exd5 exd5 4. Bd3 c5 5. c3 Nc6 6. Nf3 c4 7. Bc2 Bd6 8. O-O
Nge7 9. b3 cxb3 10. axb3 O-O 11. Re1 Bf5 12. Bxf5 Nxf5 13. Ba3 Bxa3 14. Rxa3
Nd6 15. Ne5 Ne7 16. Qd3 f6 17. Nf3 Ng6 18. g3 Qc7 19. Nbd2 a6 20. c4 Qd7 21.
Ra5 b5 22. Rea1 1/2-1/2